000 01440cam a2200361 a 4500
001 EDZ0000019178
003 StDuBDS
005 20161031105216.0
006 m||||||||d||||||||
007 cr |||||||||||
008 101217s2008 caua fo 001|0|eng d
020 _a9781849200448 (ebook) :
_cNo price
040 _aStDuBDS
_beng
_cStDuBDS
_epn
049 _aAlfaisal Main Library
050 4 _aHD58.7
082 0 4 _a302.35
_222
245 0 4 _aThe SAGE handbook of organizational behavior.
_nVolume 1,
_pMicro approaches
_h[electronic resource] /
_cedited by Julian Barling and Cary L. Cooper.
246 3 0 _aOrganizational behavior
260 _aLos Angeles, [Calif.] ;
_aLondon :
_bSAGE,
_c2008.
300 _a1 online resource (xxiii, 749 p.) :
_bill.
520 8 _aThis handbook focuses on core micro organizational behaviour issues, providing students and scholars with an insightful and wide-reaching survey of the state of the field.
521 _aSpecialized.
588 _aDescription based on print version record.
504 _aIncludes bibliographical references and index.
650 0 _aOrganizational behavior.
655 7 _aElectronic books.
_2local
700 1 _aBarling, Julian.
700 1 _aCooper, Cary L.
710 2 _aSage eBooks
776 0 8 _iPrint version :
_z9781412923859
856 4 0 _uhttp://ezproxy.alfaisal.edu/login?url=http://sk.sagepub.com/reference/hdbk_orgbehavior1
942 _2lcc
_cEBOOKS
999 _c481733
_d481733